Green belts (Record no. 110404)

MARC details
000 -LEADER
fixed length control field 01536cad a22002415a 4500
001 - CONTROL NUMBER
control field L149193
008 - FIXED-LENGTH DATA ELEMENTS--GENERAL INFORMATION
fixed length control field 120619s2010 xxk f 000 0 eng d
020 ## - INTERNATIONAL STANDARD BOOK NUMBER
International Standard Book Number 9781847541956
035 ## - SYSTEM CONTROL NUMBER
System control number (Sirsi) u149193
041 0# - LANGUAGE CODE
Language code of text/sound track or separate title eng
110 2# - MAIN ENTRY--CORPORATE NAME
Corporate name or jurisdiction name as entry element Campaign to Protect Rural England
9 (RLIN) 4718
245 00 - TITLE STATEMENT
Title Green belts
Remainder of title a greener future[electronic resource]
260 ## - PUBLICATION, DISTRIBUTION, ETC.
Place of publication, distribution, etc. London
Name of publisher, distributor, etc. CPRE
Place of publication, distribution, etc. Sheffield
Name of publisher, distributor, etc. Natural England
Date of publication, distribution, etc. 2010
505 2# - FORMATTED CONTENTS NOTE
Formatted contents note Introduction -- Green Belt debate -- Characteristics of Green Belt land -- People and natural environment -- Attractive landscapes -- Healthy natural system -- Thriving farming and forestry -- New challenges for Green Belt Land -- Annexe A methodology -- Annexe B data table
520 ## - SUMMARY, ETC.
Summary, etc. Presents evidence on land designated as Green Belt in England. Traces the history of Green Belt desigination, summarises recent research and commentary and describes the characteristics of Green Belt land. Assesses the contribution Green Belt designation makes to opening up access to the countryside, outdoor sport and recreation, improving derelict and damaged land around urban sprawls, nature conservation, agriculture and forestry. Considers effect of climate change on Green Belts.
590 ## - LOCAL NOTE (RLIN)
Local note KA NTK
650 24 - SUBJECT ADDED ENTRY--TOPICAL TERM
Topical term or geographic name entry element PLANNING POLICY GUIDANCE NOTE 2 (GREEN BELTS)
651 #4 - SUBJECT ADDED ENTRY--GEOGRAPHIC NAME
Geographic name England
Chronological subdivision 886-
690 ## - LOCAL SUBJECT ADDED ENTRY--TOPICAL TERM (OCLC, RLIN)
Topical term or geographic name as entry element Planning and development
9 (RLIN) 6259
710 1# - ADDED ENTRY--CORPORATE NAME
Corporate name or jurisdiction name as entry element Natural England
9 (RLIN) 5071
856 40 - ELECTRONIC LOCATION AND ACCESS
Uniform Resource Identifier <a href="https://publications.naturalengland.org.uk/file/92020">https://publications.naturalengland.org.uk/file/92020</a>
Public note View the report at publications.naturalengland.org.uk
942 ## - ADDED ENTRY ELEMENTS (KOHA)
Suppress in OPAC 0
Holdings
Withdrawn status Lost status Source of classification or shelving scheme Damaged status Not for loan Home library Current library Shelving location Date acquired Total Checkouts Full call number Barcode Date last seen Copy number Price effective from Koha item type
    Dewey Decimal Classification     Virtual Virtual Online 29/01/2010   ONLINE PUBLICATION 149193-2001 06/08/2019 1 06/08/2019 Book